000
00310nam a22001217a 4500
020
_a
0-89838-248-3
082
_a
621.38193 MCC'F
100
_a
MCCALLA, W.J ,PACKARD, H
_9
80703
245
_a
FUNDAMENTALS OF COMPUTER AIDED CIRCUIT SIMULATION
260
_a
BOSTON
_b
KLUWER
_c
1988
300
_a
175P
942
_c
BK
999
_c
585597
_d
585597